[Event "Erfurt AT op 27th"]
[Site "Erfurt"]
[Date "2017.12.28"]
[Round "3"]
[White "Franz, Alexander"]
[Black "Kohl, Anke"]
[Result "1/2-1/2"]
[WhiteElo "1626"]
[BlackElo "1595"]
[PlyCount "46"]
[EventDate "2017.12.27"]
[EventType "swiss"]
[EventRounds "7"]
[EventCountry "GER"]
[SourceTitle "CBM 182 Extra"]
[Source "ChessBase"]
[SourceDate "2018.02.23"]
[SourceVersion "1"]
[SourceVersionDate "2018.02.23"]
[SourceQuality "1"]

1. e4 e5 2. Bc4 Nf6 3. Nc3 Nxe4 4. Qh5 Nd6 5. Qxe5+ Qe7 6. Qxe7+ Bxe7 7. Nd5 Nxc4 8. Nxc7+ Kd8 9. Nxa8 b6 10. d3 Nd6 11. Be3 Bb7 12. f3 Bxa8 13. Ne2 Nf5 14. Bf2 Bf6 15. c3 Re8 16. Kd2 Nh4 17. Nf4 Bg5 18. Be3 Nf5 19. Ne6+ Rxe6 20. Bxg5+ f6 21. Bf4 Nc6 22. h4 Nce7 23. c4 Nd4 1/2-1/2

[Event "Regionalliga SO 1718 (Women)"]
[Site "Germany"]
[Date "2017.10.15"]
[Round "1.3"]
[White "Stieber, Daniela"]
[Black "Kohl, Anke"]
[Result "1-0"]
[WhiteElo "1441"]
[BlackElo "1595"]
[PlyCount "59"]
[EventDate "2017.10.15"]
[EventType "team-tourn"]
[EventRounds "5"]
[EventCountry "GER"]
[SourceTitle "CBM 183 Extra"]
[Source "ChessBase"]
[SourceDate "2018.04.19"]
[SourceVersion "1"]
[SourceVersionDate "2018.04.19"]
[SourceQuality "1"]
[WhiteTeam "Lehrte (W) II"]
[BlackTeam "Meuselwitz (W)"]
[WhiteTeamCountry "GER"]
[BlackTeamCountry "GER"]

1. d4 Nf6 2. Nf3 d5 3. Bf4 Bf5 4. e3 e6 5. Be2 Be7 6. 0-0 0-0 7. c4 c5 8. Nc3 a6 9. cxd5 Nxd5 10. Nxd5 Qxd5 11. dxc5 Qxc5 12. Qb3 b5 13. Rac1 Qb4 14. Qxb4 Bxb4 15. Rfd1 Be4 16. Rd4 Bd5 17. Bxb8 Raxb8 18. Rxb4 Rfc8 19. Rxc8+ Rxc8 20. Ne1 Rc1 21. Kf1 Bxg2+ 22. Kxg2 Rxe1 23. Bf3 Rc1 24. Bb7 Rc7 25. Bxa6 Ra7 26. Bxb5 Rxa2 27. Bd3 g5 28. Rb7 Ra5 29. b4 Rf5 30. Bxf5 1-0

[Event "Naumburg Osteropen 9th"]
[Site "Naumburg Saale"]
[Date "2014.04.20"]
[Round "3.19"]
[White "Kohl, Anke"]
[Black "Jenusch, Robert"]
[Result "0-1"]
[WhiteElo "1251"]
[BlackElo "1976"]
[PlyCount "96"]
[EventDate "2014.04.19"]
[EventType "swiss"]
[EventRounds "5"]
[EventCountry "GER"]
[SourceTitle "EXT 2020"]
[Source "ChessBase"]
[SourceDate "2019.10.17"]
[SourceVersion "1"]
[SourceVersionDate "2019.10.17"]
[SourceQuality "1"]

1. c4 e6 2. Nc3 g6 3. Nf3 Bg7 4. g3 Nf6 5. Bg2 0-0 6. 0-0 d5 7. cxd5 exd5 8. d4 c6 9. Bd2 Be6 10. Qc1 Qc8 11. Re1 Re8 12. Ng5 Bf5 13. Nf3 Ne4 14. e3 Bh3 15. Bh1 Nd7 16. Nxe4 dxe4 17. Ng5 Nf6 18. Qc4 Be6 19. Nxe6 Rxe6 20. Rac1 Re8 21. Qc2 Qg4 22. Ba5 Rac8 23. Qe2 Qg5 24. Bb4 Rcd8 25. Rc5 Nd5 26. Qc4 Bf8 27. h4 Qf6 28. Ba5 Rc8 29. Bxe4 Bxc5 30. dxc5 Qe6 31. Bxd5 Qxd5 32. Qf4 Qxc5 33. Bc3 Re6 34. Rd1 Qe7 35. Qh6 Qf8 36. Qg5 f6 37. Qf4 Rd8 38. Rxd8 Qxd8 39. Qc4 Qd1+ 40. Kg2 Qd5+ 41. Qxd5 cxd5 42. Kf3 Kf7 43. Bd4 a6 44. a4 Rc6 45. b3 Rc1 46. b4 Rc4 47. Bc5 a5 48. Bd4 Rxb4 0-1